000 00645nam a22002532 4500
999 _c17361
_d17361
001 0000020214
003 OSt
005 20181030164931.0
008 110901s xx 000 0 eng d
020 _a8131233993:
040 _aKABU
_cKABU
050 _aRB111
_b.R63 2013 c.1
245 1 0 _aRobbins basic pathology /
_cVinay Kumar,
250 _a9th ed.
260 _aLondon :
_bSaunders,
_c2003.
300 _axii, 873 p.
650 0 _aPathology.
700 1 _aKumar, Vinay.
710 _4Abul K. Abbas
710 _4Jon C. Aster
908 _a110901
942 _2lcc
_cBK